| Tag |
First Indicator |
Second Indicator |
Subfields |
| LEADER |
00000cam a2200000 i 4500 |
| 001 |
in00005662467 |
| 008 |
250527s2025 gw a b 001 0 eng d |
| 005 |
20250907005318.8 |
| 035 |
|
|
|a (OCoLC)on1445428496
|
| 040 |
|
|
|a UKMGB
|b eng
|e rda
|c UKMGB
|d OCLCO
|d OHX
|d FNE
|d ZVP
|d YDX
|
| 020 |
|
|
|a 9783945852668
|
| 020 |
|
|
|a 3945852668
|
| 024 |
8 |
|
|a CIPO000245871
|
| 035 |
|
|
|a (OCoLC)1445428496
|
| 043 |
|
|
|a n-us---
|
| 050 |
|
4 |
|a NK807
|b .S456 2025
|
| 082 |
0 |
4 |
|a 744.0882898
|2 23
|
| 245 |
0 |
4 |
|a The Shakers :
|b a world in the making /
|c editors Mea Hoffmann, Shoshana Resnikoff.
|
| 250 |
|
|
|a English edition.
|
| 264 |
|
1 |
|a Weil am Rhein, Germany :
|b Vitra Design Museum ;
|a Ludwigsburg, Germany :
|b Wüstenrot Foundation,
|c [2025]
|
| 300 |
|
|
|a 283 pages :
|b illustrations (chiefly colour) ;
|c 29 cm
|
| 336 |
|
|
|a text
|b txt
|2 rdacontent
|
| 336 |
|
|
|a still image
|b sti
|2 rdacontent
|
| 337 |
|
|
|a unmediated
|b n
|2 rdamedia
|
| 338 |
|
|
|a volume
|b nc
|2 rdacarrier
|
| 500 |
|
|
|a This book is published on the occasion of the exhibition "The Shakers: A World in the Making", Vitra Design Museum, Weil am Rhein, 7 June 2025 - 21 September 2025; Institute of Contemporary Art, Philidelphia, 31 January 2026 - 9 August 2026; Milwaukee Art Museum, 25 September 2026 - 31 January 2027.
|
| 504 |
|
|
|a Includes bibliographical references and index.
|
| 505 |
0 |
0 |
|t Refined traditions: Shaker architecture in context /
|r Aaron Betsky --
|t In the eye of eternity, a chair is just a chair /
|r Sarah Margolis-Pineo --
|t Shaker labor as... /
|r Mea Hoffmann --
|t Splendid isolation: on Shaker autonomy /
|r Glenn Adamson --
|t Shaker objects --
|t "We are all looking for a more loving world" /
|r Sharon Duane Koomler and Jerry Grant in conversation with Mea Hoffmann --
|t The long shadow of the Shakers /
|r Shoshana Resnikoff --
|t Perfection is progressive artists and the living Shakers /
|r Jeffrey De Blois --
|t Artist contributions /
|r Amie Cunat, Chris Liljenberg Halstrøm, David Hartt, Christien Meindertsma, Kameelah Janan Rasheed, Finnegan Shannon, and Reggie Wilson --
|t "Religion has always been an undercurrent in modernity" /
|r Johann Hinrich Claussen in conversation with Mateo Kries --
|t In community /
|r Irene Cheng, Cauleen Smith, and Mabel O. Wilson in conversation with Hallie Ringle and Zoë Ryan
|
| 520 |
|
|
|a "The Shakers, a visionary American religious community founded in the late eighteenth century, have left a lasting imprint on modern design and architecture. Their simple and timeless objects are considered paragons of good design, and their buildings are seen as precursors to functional architecture, rooted in vernacular traditions and regional materials. Generations of artists and designers worldwide have been inspired by the Shaker's minimalist, utilitarian designs as well as their principles centered around communal living, equality, and pacifism. The Shakers: A World in the Making explores the enduring relevance of Shaker values and craftsmanship. The publication is lavishly illustrated with new photographs of iconic Shaker objects and buildings as well as historic material and works by contemporary artists and designers who critically examine the Shaker ethos in today's world"--
|c Back cover.
|
| 650 |
|
0 |
|a Shaker decorative arts
|v Exhibitions.
|
| 650 |
|
0 |
|a Shaker furniture
|v Exhibitions.
|
| 650 |
|
0 |
|a Art objects
|z United States
|v Exhibitions.
|
| 650 |
|
0 |
|a Design
|v Exhibitions.
|
| 650 |
|
0 |
|a Religious articles
|v Exhibitions.
|
| 650 |
|
6 |
|a Objets d'art
|v Expositions.
|
| 650 |
|
6 |
|a Design
|v Expositions.
|
| 650 |
|
6 |
|a Objets religieux
|v Expositions.
|
| 650 |
|
6 |
|a Arts décoratifs shakers
|v Expositions.
|
| 650 |
|
6 |
|a Meubles shakers
|v Expositions.
|
| 650 |
|
7 |
|a Art objects
|2 fast
|
| 650 |
|
7 |
|a Design
|2 fast
|
| 650 |
|
7 |
|a Religious articles
|2 fast
|
| 650 |
|
7 |
|a Shaker decorative arts
|2 fast
|
| 650 |
|
7 |
|a Shaker furniture
|2 fast
|
| 710 |
2 |
|
|a Vitra Design Museum,
|e organizer,
|e host institution,
|e publisher.
|
| 710 |
2 |
|
|a Milwaukee Art Museum,
|e organizer,
|e host institution.
|
| 710 |
2 |
|
|a University of Pennsylvania.
|b Institute of Contemporary Art,
|e organizer,
|e host institution.
|
| 710 |
2 |
|
|a Wüstenrot Stiftung Deutscher Eigenheimverein,
|e organizer,
|e publisher.
|
| 852 |
8 |
|
|b POD
|z This title is available for the library to purchase for your use. Click the "Purchase It For Me" button to place a request. This item will take 5-10 business days to arrive.
|
| 955 |
|
|
|a Print PDA title
|
| 961 |
|
|
|m 565730
|
| 999 |
f |
f |
|s adc3aa4e-98ac-4927-961a-e6f0067eef5d
|i 60c0c632-c22f-425b-a549-b4b3266ac510
|t 0
|
| 952 |
f |
f |
|a Texas A&M University
|b College Station
|c Sterling C. Evans Library
|d Purchase on Demand
|t 0
|e NK807 .S456 2025
|h Library of Congress classification
|
| 998 |
f |
f |
|a NK807 .S456 2025
|t 0
|l Purchase on Demand
|